Database systems : (Record no. 12057)
[ view plain ]
| 000 -LEADER | |
|---|---|
| fixed length control field | 00805nam a22002412 4500 |
| 001 - CONTROL NUMBER | |
| control field | 0000013603 |
| 005 - DATE AND TIME OF LATEST TRANSACTION | |
| control field | 20151217155220.0 |
| 008 - FIXED-LENGTH DATA ELEMENTS--GENERAL INFORMATION | |
| fixed length control field | 090928s xx 000 0 eng d |
| 020 ## - INTERNATIONAL STANDARD BOOK NUMBER | |
| International Standard Book Number | 1844807321 : |
| 040 ## - CATALOGING SOURCE | |
| Original cataloging agency | KABU |
| Transcribing agency | KABU |
| 100 1# - MAIN ENTRY--PERSONAL NAME | |
| Personal name | Rob, Peter. |
| -- | 0000171069 |
| 245 10 - TITLE STATEMENT | |
| Title | Database systems : |
| Remainder of title | desgn, implementation & management / |
| Statement of responsibility, etc. | Peter Rob, Carlos Coronel, Keeley Crockett. |
| 250 ## - EDITION STATEMENT | |
| Edition statement | International ed. |
| 260 ## - PUBLICATION, DISTRIBUTION, ETC. (IMPRINT) | |
| Place of publication, distribution, etc. | London : |
| Name of publisher, distributor, etc. | Cengage Learning, |
| Date of publication, distribution, etc. | 2008. |
| 300 ## - PHYSICAL DESCRIPTION | |
| Extent | xviii, 808 p. + |
| Accompanying material | 1 CD-ROM. |
| 650 #0 - SUBJECT ADDED ENTRY--TOPICAL TERM | |
| Topical term or geographic name as entry element | Database design. |
| -- | 0000148441 |
| 650 #0 - SUBJECT ADDED ENTRY--TOPICAL TERM | |
| Topical term or geographic name as entry element | Database management. |
| -- | 0000148184 |
| 700 1# - ADDED ENTRY--PERSONAL NAME | |
| Personal name | Coronel, Carlos. |
| -- | 0000171070 |
| 700 1# - ADDED ENTRY--PERSONAL NAME | |
| Personal name | Crockett, Keeley. |
| -- | 0000171071 |
| 852 1# - LOCATION | |
| -- | p5849 KES |
| 908 ## - PUT COMMAND PARAMETER (RLIN) | |
| Put command parameter | 090928 |
| 950 ## - LOCAL HOLDINGS (RLIN) | |
| -- | 1 |
| Withdrawn status | Lost status | Source of classification or shelving scheme | Not for loan | Home library | Current library | Date acquired | Total Checkouts | Total Renewals | Full call number | Barcode | Date last seen | Date last checked out | Price effective from | Koha item type |
|---|---|---|---|---|---|---|---|---|---|---|---|---|---|---|
| Library of Congress Classification | Kabarak, Main Campus | Kabarak, Main Campus | 17/12/2015 | 26 | 1 | QA76.9 .D26R63 2008 c. 1 | 18169 | 16/02/2026 | 29/01/2026 | 17/12/2015 | General Collection |